[Event "LSS ZN-2009-0-00693"]
[Site "LSS email"]
[Date "2009.07.31"]
[Round "?"]
[White "Vlckova, Sarka"]
[Black "Cipka, Ivan Jr"]
[Result "0-1"]
[WhiteElo "800"]
[BlackElo "800"]
[PlyCount "46"]
[EventDate "2009.07.28"]
[EventType "match (corr)"]
[EventRounds "2"]
[EventCountry "GER"]
[SourceTitle "Corr 2011"]
[Source "ChessBase"]
[SourceDate "2010.08.31"]
[SourceVersion "1"]
[SourceVersionDate "2010.08.31"]
[SourceQuality "1"]

1. e4 e5 2. Nf3 Nf6 3. d4 Nxe4 4. Bd3 d5 5. Bxe4 dxe4 6. Nxe5 Qd5 7. Bf4 Bd6 8. 0-0 0-0 9. Nc3 Qe6 10. Nxe4 Bxe5 11. Nc5 Qc6 12. Bxe5 b6 13. Nd3 Bb7 14. Qg4 f6 15. Nb4 Qc4 16. Nd3 fxe5 17. Nxe5 Qd5 18. Nd3 Rf5 19. c3 Rg5 20. Qf3 Qxf3 21. Kh1 Qxd3 22. Rfd1 Bxg2+ 23. Kg1 Bf3# 0-1

[Event "LSS ZN-2009-0-00669"]
[Site "LSS email"]
[Date "2009.07.13"]
[Round "?"]
[White "Vlckova, Sarka"]
[Black "Cipka, Ivan Jr"]
[Result "0-1"]
[WhiteElo "400"]
[BlackElo "1067"]
[PlyCount "26"]
[EventDate "2009.07.08"]
[EventType "match (corr)"]
[EventRounds "2"]
[EventCountry "GER"]
[SourceTitle "Corr 2015"]
[Source "ChessBase"]
[SourceDate "2015.07.17"]
[SourceVersion "1"]
[SourceVersionDate "2015.07.17"]
[SourceQuality "1"]

1. e4 e5 2. d3 Nf6 3. Nf3 Nc6 4. Nc3 Bb4 5. Bd2 d6 6. Nb5 Bxd2+ 7. Nxd2 a6 8. Na3 0-0 9. c4 Nd4 10. g3 Bg4 11. f3 Bd7 12. g4 Nxg4 13. fxg4 Qh4# 0-1

[Event "LSS ZN-2009-0-00667"]
[Site "LSS email"]
[Date "2009.07.10"]
[Round "?"]
[White "Cipka, Ivan Jr"]
[Black "Vlckova, Sarka"]
[Result "1-0"]
[WhiteElo "1067"]
[BlackElo "400"]
[PlyCount "31"]
[EventDate "2009.07.07"]
[EventType "match (corr)"]
[EventRounds "2"]
[EventCountry "GER"]
[SourceTitle "Corr 2015"]
[Source "ChessBase"]
[SourceDate "2015.07.17"]
[SourceVersion "1"]
[SourceVersionDate "2015.07.17"]
[SourceQuality "1"]

1. e4 e5 2. f4 exf4 3. Qf3 Bc5 4. Qxf4 g5 5. Qe5+ Ne7 6. Qxh8+ Ng8 7. Qxg8+ Ke7 8. Qxg5+ Ke6 9. Qf5+ Kd6 10. Qd5+ Ke7 11. Qxc5+ Ke8 12. Qe5+ Kf8 13. d4 Qh4+ 14. g3 Qg4 15. Bg5 Nc6 16. Qh8# 1-0

[Event "LSS ZN-2009-0-00666"]
[Site "LSS email"]
[Date "2009.07.09"]
[Round "?"]
[White "Vlckova, Sarka"]
[Black "Cipka, Ivan Jr"]
[Result "0-1"]
[WhiteElo "800"]
[BlackElo "800"]
[PlyCount "52"]
[EventDate "2009.07.07"]
[EventType "match (corr)"]
[EventRounds "2"]
[EventCountry "GER"]
[SourceTitle "Corr 2011"]
[Source "ChessBase"]
[SourceDate "2010.08.31"]
[SourceVersion "1"]
[SourceVersionDate "2010.08.31"]
[SourceQuality "1"]

1. e4 e5 2. Nc3 Nf6 3. d3 Bb4 4. Bd2 d6 5. Qf3 0-0 6. g4 Bxg4 7. Qg3 Nc6 8. f3 Be6 9. h4 Nh5 10. Qg2 Nd4 11. a3 Bxc3 12. bxc3 Nxc2+ 13. Ke2 Nxa1 14. Bg5 Nf4+ 15. Bxf4 exf4 16. Qh2 Qf6 17. Nh3 Bxh3 18. Bxh3 Qxc3 19. Qxf4 Nb3 20. Rg1 Qc2+ 21. Ke3 Rae8 22. e5 Rxe5+ 23. Qxe5 dxe5 24. Rg4 f5 25. Rb4 g6 26. Rxb7 Qd2# 0-1